MDQL
is popping MORE tags! Check the
thread
!
Quizzes
Events
Quiz Creation
Community
Videos
Private Events
Remove Ads
Sign In
Join for FREE
Feedback
Dark Mode
Quiz Categories
Sports
Geography
Music
Movies
Television
Just For Fun
Miscellaneous
History
Literature
Language
Science
Gaming
Entertainment
Religion
Holiday
For Kids
Quiz Lab
Recent
Popular Today
Quiz Kudos Today
Editor Picks
Curator Picks
Quizzes by...
Day
Popularity
Type
Ratings
Length
Year
Community
Subscriptions
Recent Discussions
Orange Saloon
Badges
Playlists
Quests
Create
Leaderboards
Showdown
Live 5
Trivia Bingo
Activity
Puzzle Library
Sporcle Events
Private Events
Virtual Trivia
Globe League
Become a Host
Pub Owners
SporcleCon
Opinionation
Our Games
Videos
Blog
Mobile Apps
Partnerships
Remove Ads and Go Orange
Feedback
Sports
Athletes
MLB
NBA
NHL
NFL
Soccer
Sports Teams
WWE
NCAA
Football
Premier League
Basketball
Baseball
Hockey
Golf
Tennis
Cricket
Rugby
Auto Racing
Olympics
World Cup
Sports
Athletes
MLB
NBA
NHL
NFL
Soccer
Sports Teams
WWE
NCAA
Football
Premier League
Basketball
Baseball
Hockey
Golf
Tennis
Cricket
Rugby
Auto Racing
Olympics
World Cup
Random Quiz
Search Sporcle
×
Quiz Lab
Quiz Lab
Sports
Soccer
Type in answers that appear in a list
Type in answers that appear in a list
Classic
Best Score? Go Orange.
2014/15 FC Barcelona Squad Stats
Can you name the 2014/15 FC Barcelona Squad
By
vishnagaraj
10m
23 Questions
457 Plays
457 Plays
457 Plays
Comments
Comments
Give Quiz Kudos
Give Quiz Kudos
-
- Ratings
hide this ad
Replay
Link that replays current quiz
Next Quiz
Link to next quiz in quiz playlist
You Got
0%
They Got
Avg Score
73%
Avg Friend Score
Upgrade to see
Score Distribution
Jump to the score distribution portion of the page
Score
0/23
Timer
10:00
0
Plays Today
Squad Number
Player
% Correct
10
Lionel Messi
96.7%
11
Neymar
96.3%
3
Gerard Pique
94.3%
9
Luis Suarez
94.3%
8
Andres Iniesta
94.1%
6
Xavi Hernandez
91.2%
1
Marc-Andre ter Stegen
90.6%
22
Dani Alves
85.8%
5
Sergio Busquets
85.1%
18
Jordi Alba
83.6%
4
Ivan Rakitic
81.6%
13
Claudio Bravo
76.8%
Squad Number
Player
% Correct
7
Pedro Rodriguez
75.7%
14
Javier Mascherano
75.1%
20
Sergi Roberto
60.6%
24
Jeremy Mathieu
59.7%
15
Marc Bartra
56.5%
12
Rafinha
55.6%
23
Thomas Vermaelen
54%
21
Adriano
53%
2
Martin Montoya
51%
25
Jordi Masip
45.5%
17
Alex Song
31.3%
Quiz Playlist
Details
Report
Send in Message
Add To Playlist
Classic:
Type in answers that appear in a list
Last Updated: Feb 16, 2017
Quiz Scoreboard
CHALLENGE
Sign Up to Join the Scoreboard
Show All
Scores
Hide
Comments
May contain spoilers
Recently Published
Image Sorting: Flags VI
by Barbecue
Geography
2m
Find the 'City' Movie
by crazypaving
Movies
60s
Colored Red Africa Blitz
by spor1
Geography
45s
More to Explore
Quiz From the Vault
Featured Blog Post
14 Easter Pick-up Lines to Find Eggs With
hide this ad
You Might Also Like...
Tags
Soccer Quiz
Barcelona
FC Barcelona
Lionel Messi
Senior Squad
Spain
Squad
Squad Members
UEFA
Today's Top Quizzes in Sports
Browse Sports
hide this ad
Today's Top Quizzes in Soccer
Browse Soccer
Top Contributed Quizzes in Sports
1
Les meilleurs buteurs des matchs entre le PSG et l’OM
2
Les entraîneurs de l'OM et du PSG au 21e siècle
3
Les joueurs passés par le PSG et l'OM
4
2022 World Cup Stars
5
Players with Multiple 50 Home Run Seasons
6
Criteria MLB: Left Handed Sluggers
7
Les joueurs passés par le LOSC et le RC Lens
8
NBA Logic Puzzle 2.0
9
MLB Players with Two .350 Batting Average Seasons
10
FIFA Club World Cup Champions
Explore More
Trending Topics
Disney
Anime
NBA
Harry Potter
Marvel
Crossword
Kpop
WWE
The Office
Country
Soccer
NFL
Pokémon
Song
Puzzle
hide this ad
More By:
vishnagaraj
Quiz
Plays
Rating
Category
Featured
Created
FIFA 18 Top 100 Players (UPDATED MAY 18)
30,166
4.56
Sports
Sep 11, 2017
Top 50 Players in FIFA 14
19,962
4.67
Sports
Sep 4, 2013
Top 100 Players in FIFA 20
7,926
5.00
Sports
Sep 9, 2019
Top 100 Most Valuable Premier League Players 2019/20
6,669
4.00
Sports
Aug 13, 2018
MLB Network Top 100 Players Right Now (2018)
4,477
3.80
Sports
Feb 17, 2018
Go to Creator's Profile
Score Distribution
Quiz Creator Spotlight
vishnagaraj
Follow
Send a Message
Quizzes Created
-
Created Quiz Play Count
-
More By This Creator
Popular Quizzes Today
1
Colored Red Africa Blitz
2
Find the US States - No Outlines Minefield
3
Find the 'City' Movie
4
5x2 Blitz: Bands
5
The Countries of the World
6
Find the US States
7
Find the Countries of Europe - No Outlines Minefield
8
US States
More Sports Quizzes
Picture Click: Falcons QBs
Quiz Lab
Trending Quizzes
Colored Red Europe Blitz I
Colored Red Europe Blitz II
Colored Red Africa Blitz II
Colored Red Europe Blitz III
Colored Red Africa Blitz III
Recently Updated
How Do You Spell That?
pecheneg
Godzilla Movies
pecheneg
Grab Bag: 4-10 Letters
pecheneg
2024 March Madness Bracket
pecheneg
Famous TV Couples
Peacemaker
Champions League XIs: Real Madrid
pecheneg
Largest US Cities 1790-2010
pecheneg
Rides in Walt Disney World
pecheneg
Most Oscar Losses (Acting)
pecheneg
Beyoncé Albums
pecheneg
Trending Topics
NBA
Marvel
Kpop
Anime
Crossword
Disney
Harry Potter
Song
Pokémon
WWE
NFL
Puzzle
Soccer
Country
The Office
Your Account Isn't Verified!
In order to create a playlist on Sporcle, you need to verify the email address you used during registration. Go to your
Sporcle Settings
to finish the process.
Report this User
Report this user for behavior that violates our
Community Guidelines
.
Details:
Send Report
Go to the Sporcle.com Mobile Site →
Comments